Statistics for Biggest High HDI Cities

Click here to take the quiz!

General Stats

  • This quiz has been taken 95 times
    (94 since last reset)
  • The average score is 26 of 31

Answer Stats

PopulationCity% Correct
21,800,000New York
100%
40,500,000Tokyo
100%
14,800,000London
98%
17,600,000Los Angeles
98%
17,700,000Osaka
96%
11,400,000Paris
96%
7,650,000Toronto
94%
4,750,000Berlin
91%
6,700,000Madrid
91%
9,650,000Chicago
89%
25,000,000Seoul
89%
7,750,000San Francisco
88%
7,900,000Singapore
88%
4,875,000Barcelona
86%
5,400,000Sydney
85%
6,350,000Miami
84%
4,325,000Montreal
84%
7,300,000Dallas
83%
6,800,000Houston
81%
7,350,000Philadelphia
81%
5,900,000Atlanta
78%
7,700,000Boston
78%
5,050,000Melbourne
78%
10,500,000Nagoya
78%
8,550,000Washington D.C.
78%
4,075,000Busan
76%
4,475,000Seattle
73%
9,150,000Taipei
73%
4,800,000Phoenix
68%
5,750,000Detroit
59%
4,475,000Tampa
40%

Score Distribution

Percentile by Number Answered

Percent of People with Each Score

Your Score History

You have not taken this quiz since the last reset